000 00397nam a22001577a 4500
005 20160428114420.0
008 160428b xxu||||| |||| 00| 0 eng d
040 _cPK-LaUMT
082 _aAMC 962.050924
_bJOA-N
100 _aJoachim Joesten
245 _aNaseer
_bthe rise to power
_cJoachim Joesten
260 _aLondon
_bOdhams
_c1960
300 _a224 p.
546 _a(English)
942 _cBK
999 _c85969
_d85969